The dynamic heart in daily life : (Record no. 9536)

MARC details
000 -LEADER
fixed length control field 02557cam a2200313 i 4500
001 - CONTROL NUMBER
control field 953576404
003 - CONTROL NUMBER IDENTIFIER
control field OCoLC
005 - DATE AND TIME OF LATEST TRANSACTION
control field 20241126110714.0
008 - FIXED-LENGTH DATA ELEMENTS--GENERAL INFORMATION
fixed length control field 160613s2016 ncu b 000 0 eng
010 ## -
-- 2016025520
020 ## - INTERNATIONAL STANDARD BOOK NUMBER
International Standard Book Number 9781942572671
020 ## - INTERNATIONAL STANDARD BOOK NUMBER
International Standard Book Number 1942572670
035 ## - SYSTEM CONTROL NUMBER
System control number (OCoLC)953576404
040 ## - CATALOGING SOURCE
Original cataloging agency DLC
Language of cataloging eng
Description conventions rda
Transcribing agency DLC
Modifying agency OCLCF
-- OCLCQ
-- SGB
042 ## -
-- pcc
082 ## - DEWEY DECIMAL CLASSIFICATION NUMBER
Classification number 253.52
Item number PIE
092 ## - LOCALLY ASSIGNED DEWEY CALL NUMBER (OCLC)
Classification number 248.4
Item number P622D
100 1# - MAIN ENTRY--PERSONAL NAME
Personal name Pierre, Jeremy,
Dates associated with a name 1979-
Relator term author
9 (RLIN) 16602
245 14 - TITLE STATEMENT
Title The dynamic heart in daily life :
Remainder of title connecting Christ to human experience /
Statement of responsibility, etc. Jeremy Pierre
264 #1 - PRODUCTION, PUBLICATION, DISTRIBUTION, MANUFACTURE, AND COPYRIGHT NOTICE
Place of production, publication, distribution, manufacture Greensboro, NC :
Name of producer, publisher, distributor, manufacturer New Growth Press,
Date of production, publication, distribution, manufacture, or copyright notice [2016]
300 ## - PHYSICAL DESCRIPTION
Extent xiii, 255 pages ;
Dimensions 23 cm
504 ## - BIBLIOGRAPHY, ETC. NOTE
Bibliography, etc. note Includes bibliographical references
520 ## - SUMMARY, ETC.
Summary, etc. Our approach to counseling and personal ministry is often lopsided--we treat people as minds to be taught or problems to be fixed, moving too quickly toward applying biblical solutions without taking the time to love people well and understand their experiences and hurts. The Dynamic Heart in Daily Life provides a comprehensive view of how the heart works and how Christ redeems it. Pierre's faith-centered understanding of people combines with a Word-centered methodology to give readers a practical way to help others better understand their tough experiences and who they are in light of who Jesus is. Pierre guides readers through four key activities -- reading, reflecting, relating, and renewing -- that will consistently position them to understand everyday human experiences in light of Scripture. Pierre exposes the false dichotomy between the spiritual and seemingly unspiritual parts of the human experience, showing how every thought, feeling, and choice actually expresses the spiritual activity of the heart. He shows how faith in Christ is the means by which the heart begins to respond differently. Faith is not only the entry point for heart change, but also an expression of our everyday, ongoing need for Christ. Pierre's holistic view of counseling -- forged by his experiences as a counselor, pastor, and seminary professor -- equips readers to understand how everyday beliefs, desires, and commitments shape how we respond to life's biggest struggles and how an active relationship of trust in God is the foundation for lifelong change. - Publisher
650 #0 - SUBJECT ADDED ENTRY--TOPICAL TERM
Topical term or geographic name entry element Change (Psychology)
General subdivision Religious aspects
-- Christianity
9 (RLIN) 16603
650 #0 - SUBJECT ADDED ENTRY--TOPICAL TERM
Topical term or geographic name entry element Christianity
General subdivision Psychology
9 (RLIN) 1193
650 #0 - SUBJECT ADDED ENTRY--TOPICAL TERM
Topical term or geographic name entry element Experience (Religion)
9 (RLIN) 4060
650 #0 - SUBJECT ADDED ENTRY--TOPICAL TERM
Topical term or geographic name entry element Pastoral counseling
9 (RLIN) 547
942 ## - ADDED ENTRY ELEMENTS (KOHA)
Source of classification or shelving scheme Dewey Decimal Classification
Koha item type Books
Holdings
Withdrawn status Lost status Source of classification or shelving scheme Damaged status Not for loan Home library Current Library Shelving location Date acquired Total checkouts Full call number Barcode Date last seen Date last checked out Copy number Price effective from Koha item type
    Dewey Decimal Classification     GRACE BIBLE COLLEGE GRACE BIBLE COLLEGE Ministry & Mission 2023-03-14 1 253.52 PIE 016028 2025-05-01 2025-02-25 c.1 2023-03-14 Books
© Grace Bible College Library 2025